• 首页
  • 本馆介绍
  • 公告通知
  • 最新文献
  • 馆藏检索
  • 电子资源
  • 读者导购
  • 参考咨询
  • 我的图书馆
  • 登录
  • 详细信息显示
  • 放入我的书架
  • 预约/预借图书
  • 作者相关作品
  • 分类相关作品
  • 丛书相关作品
  • 出版社相关作品

书目信息

  • 表格格式
  • 工作单格式
  • 卡片格式
题名:
弱光摄影
    
 
作者: 吉本斯 , 威尔逊 著 ;李孝贤 , 姜雯 译
分册:  
出版信息: 北京   中国摄影出版社  1999.10
页数: 200页
开本: 32开
丛书名:
单 册:
中图分类: J41
科图分类:
主题词: 摄影技术--普及读物 , 摄影艺术--各种
电子资源:
ISBN: 7-80007-314-9
000 00723nam0 2200241 45
001 0012260978
005 20031225110056.3
010    @a7-80007-314-9@dCNY25.00
100    @a20001226d1999 km y0chiy0120 ea
101 0  @achi
105    @a z 000yy
200 1  @a弱光摄影@ARuo Guang She Ying@f鲍勃.吉本斯,彼得.威尔逊著@FBao Bo.Ji BenSi,Bi De.Wei Er Xun Zhu@g李孝贤,姜雯译
210    @a北京@c中国摄影出版社@d1999.10
215    @a200页@c附彩图@d32开
606 0  @a摄影技术@x普及读物
606 0  @a摄影艺术@x各种
690    @aJ41@v1
701  0 @a吉本斯@4著
701  0 @a威尔逊@4著
702  0 @a李孝贤@ALi Xiao Xian@4译
702  0 @a姜雯@AJiang Wen@4译
801    @aCN@bTSTC@c20001226
905    @b294390-395@dJ41@e114@f6
    
    弱光摄影/鲍勃.吉本斯,彼得.威尔逊著/李孝贤,姜雯译.-北京:中国摄影出版社,1999.10
    200页:附彩图;32开
    
    
    ISBN 7-80007-314-9:CNY25.00
    
●
相关链接 在E读中查询图书 在五车中查询图书 在当当中查询图书 在豆瓣中查询图书


正题名:弱光摄影     索取号:J41/114         预约/预借

序号 登录号 条形码 馆藏地/架位号 状态 备注
1 0294390   002943907   第一借阅区/ [索取号:J41/114] 在馆    
2 0294391   002943916   第一借阅区/ [索取号:J41/114] 在馆    
3 0294392   002943925   第一借阅区/ [索取号:J41/114] 在馆    
4 0294393   002943934   第一借阅区/ [索取号:J41/114] 在馆    
5 0294394   002943943   第一借阅区/ [索取号:J41/114] 在馆    
6 0294395   002943952   第一样本阅览室/ [索取号:J41/114] 在馆    
唐山师范学院图书馆 欢迎您!
大连网信软件有限公司© 版权所有